All FNAF World Animatronics - Statistics

General Stats
  • This quiz has been taken 60 times
  • The average score is 30 of 46
Answer Stats
Hint Answer % Correct
Bonnie
100%
Chica
100%
Foxy
100%
FNAF 1 Freddy
100%
Golden Freddy
94%
Mangle
70%
Nightmare
70%
Nightmare Chica
70%
Nightmare Foxy
70%
FNAF 4 Nightmare Freddy
70%
First Animatronics Fredbear
67%
Nightmare Bonnie
67%
Phantom Freddy
67%
FNAF 3 Springtrap
67%
Toy Bonnie
67%
Toy Chica
67%
FNAF 2 Toy Freddy
67%
Withered Bonnie
67%
Withered Chica
67%
Withered Foxy
67%
Withered Freddy
67%
Balloon Boy
64%
Jack-o-Bonnie
64%
Jack-o-Chica
64%
Marionette
64%
Nightmare Fredbear
64%
Phantom Balloon Boy
64%
Phantom Chica
64%
Phantom Foxy
64%
Phantom Mangle
64%
Plushtrap
64%
Shadow Bonnie
64%
Shadow Freddy
64%
Spring Bonnie
64%
JJ
61%
Nightmare Balloon Boy
61%
Phantom Marionette
61%
Nightmarionne
58%
Paper Pals
55%
Other Purple Guy
55%
Coffee
52%
Crying Child
48%
Endo-1
48%
Endo-2
48%
Animdude
45%
Mr Chipper
39%
No matching quizzes found
Score Distribution
Percent of People with Each Score
Percentile by Number Answered
Your Score History
You have not taken this quiz